Home Print Resources E-Books E-Journals IIMT Lecture Series Library Membership Form Book Recommendation Form Campus Tour Take AdmissionAbout Us Contact Us

EMPLOYEE ENGAGEMENT THROUGH EFFECTIVE PERFORMANCE MANAGEMENT (Record no. 2897)

000 -LEADER
fixed length control field 00387nam a2200157Ia 4500
003 - CONTROL NUMBER IDENTIFIER
control field OSt
005 - DATE AND TIME OF LATEST TRANSACTION
control field 20231212075509.0
008 - FIXED-LENGTH DATA ELEMENTS--GENERAL INFORMATION
fixed length control field 170524s9999 xx 000 0 und d
020 ## - INTERNATIONAL STANDARD BOOK NUMBER
International Standard Book Number 978-1-84872-821-9
040 ## - CATALOGING SOURCE
Transcribing agency IIMT UNIVERSITY
100 ## - MAIN ENTRY--PERSONAL NAME
Personal name MONE EDWARD
100 ## - MAIN ENTRY--PERSONAL NAME
Titles and words associated with a name 2012
245 #0 - TITLE STATEMENT
Title EMPLOYEE ENGAGEMENT THROUGH EFFECTIVE PERFORMANCE MANAGEMENT
260 ## - PUBLICATION, DISTRIBUTION, ETC.
Place of publication, distribution, etc. TMH
942 ## - ADDED ENTRY ELEMENTS (KOHA)
Source of classification or shelving scheme
Koha item type Book Bank
Holdings
Withdrawn status Lost status Source of classification or shelving scheme Damaged status Not for loan Home library Current library Date acquired Coded location qualifier Barcode Date last seen Price effective from Koha item type Public note Total Checkouts Date last checked out
          IIMT University Central Library Meerut IIMT University Central Library Meerut 05/31/2017 Dept. MBA 01-B-21712 05/31/2017 05/31/2017 Book Bank    
          IIMT University Central Library Meerut IIMT University Central Library Meerut 05/31/2017   01-B-21713 05/31/2017 05/31/2017 Book Bank      
          IIMT University Central Library Meerut IIMT University Central Library Meerut 05/31/2017   01-B-21714 05/31/2017 05/31/2017 Book Bank      
          IIMT University Central Library Meerut IIMT University Central Library Meerut 05/31/2017   01-B-21715 02/08/2023 05/31/2017 Book Bank   4 01/04/2023
          IIMT University Central Library Meerut IIMT University Central Library Meerut 05/31/2017   01-B-21716 05/31/2017 05/31/2017 Book Bank      
IIMT, Central Library. All Rights Reserved IIMT,UNIVERSITY © 2023
Implemented and Customised by I CLOUDE EMS
You Are OPAC Visitor No
free web counter

Powered by Koha